Statistics for Formula 1: Drivers with most victorious seasons

Click here to take the quiz!

General Stats

  • This quiz has been taken 142 times
  • The average score is 14 of 20

Answer Stats

SeasonsAnswer% Correct
15Lewis Hamilton
99%
15Michael Schumacher
98%
9Ayrton Senna
94%
10Sebastian Vettel
94%
11Alain Prost
93%
9Fernando Alonso
89%
7Juan Manuel Fangio
88%
9Kimi Räikkönen
87%
6Graham Hill
83%
8Nigel Mansell
83%
8Niki Lauda
81%
10Nelson Piquet
77%
8Jackie Stewart
74%
7Jim Clark
71%
6Max Verstappen
71%
7Stirling Moss
55%
8David Coulthard
43%
6Denny Hulme
36%
8Gerhard Berger
3%
6Carlos Reutemann
2%

Score Distribution

Percentile by Number Answered

Percent of People with Each Score

Your Score History

You have not taken this quiz